Accesibilidad, urbanismo y edificacin̤

Detalles Bibliográficos
Autor principal: Moreno Rebato, Mar
Formato: Desconocido
Lenguaje:español
Publicado: Madrid: Montecorvo 2004
Materias:
Acceso en línea:Acceso restringido

MARC

LEADER 00000ny a22000003n 4500
005 2011052408218.0
008 080508t2004 sp s 000 0 spa c
020 |a 8471114348 
035 |a 1701 
040 |a UMA.RE  |d vLex 
080 |a 349.44(460)(0.034) 
080 |a 351.777.81(460)(0.034) 
090 |c 231  |d 231 
100 1 |a Moreno Rebato, Mar 
245 1 0 |a Accesibilidad, urbanismo y edificacin̤  |h [Recurso electrn̤ico]  |c Mar Moreno Rebato 
256 |a Servicio en ln̕ea 
260 |a Madrid:  |b Montecorvo  |c 2004 
506 1 |a Contenido solo disponible en los productos indicados  |d vLex Global  |d vLex Global (Academic Edition, excluding Law Schools)  |d vLex Global (U.S. Academic Edition, Law Schools)  |d vLex Global (U.S. Academic Edition, excluding Law Schools)  |d vLex Global (Academic Edition, Law Schools) 
650 0 7 |a Administrativo  |2 Tesauro vLex 
650 0 7 |a Urbanizaciones  |2 Tesauro vLex 
650 0 7 |a Inmobiliario y registral  |2 Tesauro vLex 
650 0 7 |a Urbanismo  |2 Tesauro vLex 
650 0 7 |a Derecho urbans̕tico  |2 Tesauro vLex 
650 0 7 |a Usos y edificacin̤ del suelo  |2 Tesauro vLex 
740 0 |a vLex Libros (Servicios en ln̕ea) 
856 4 0 |u http://vlex.com/source/1701  |z Acceso restringido 
942 |c BOOK 
999 0 |a Administrative law  |b Madrid